| 000 | 00887cab a2200301 4500 | ||
|---|---|---|---|
| 001 | ABS48770 | ||
| 008 | 090401t1993 xxu||||| |||| 00| 0 eng d | ||
| 035 | _a(Sirsi) u68479 | ||
| 041 | _aeng | ||
| 100 | _aBlyth, A. | ||
| 245 | _aUsing a contract consultant | ||
| 260 | _c1993 | ||
| 350 | _a0 | ||
| 490 |
_aArchitects` Journal _v197(22) 2 June 1993, 28(1) |
||
| 520 | _aDescribes how architects used the services of a contract consultant on a refurbishment project. | ||
| 650 | _aBOND STREET | ||
| 650 | _aBUILT ENVIRONMENT-BUILDING CONTRACT FORMS | ||
| 650 | _aCHAPPELL D. | ||
| 650 | _aCONSULTANTS | ||
| 650 | _aCONTRACT CONSULTANTS | ||
| 650 | _aHAWKINS BROWN | ||
| 650 | _aJAMES R KNOWLES | ||
| 650 | _aSWAN HOUSE | ||
| 690 | _aBUILT ENVIRONMENT-BUILDING CONTRACT FORMS | ||
| 690 | _aBUILDING AND CONSTRUCTION-PROJECTS | ||
| 942 | _n0 | ||
| 948 | _c04/03/1997 | ||
| 999 |
_c42965 _d42965 |
||